| 000 | 01133nab a22002297a 4500 | ||
|---|---|---|---|
| 999 |
_c5879 _d5879 |
||
| 003 | OSt | ||
| 005 | 20260109021317.0 | ||
| 008 | 190514b xxu||||| |||| 00| 0 spa d | ||
| 040 | _cPJ | ||
| 100 |
_96302 _aFernández, Ángela G. |
||
| 245 | 1 | 0 |
_aDerecho alimentario, medida excepcional y proceso excluyente / _cÁngela G. Fernández, Esteban Caride. |
| 300 | _ap. 65-76 | ||
| 505 | _aSumario: I. Introducción.— II. Definiciones, situaciones y datos estadísticos.— III. Obligados a pagar alimentos.— IV. Pautas a considerar en la determinación de la cuota.— V. Vigencia temporal de la cuota.— VI. Algunas propuestas para agilizar la percepción y uso de la cuota.— VII. Consideraciones finales. | ||
| 505 | _tSi te interesa el texto, comunicate a koha@justierradelfuego.gov.ar | ||
| 650 | 0 |
_9967 _aDERECHO DE FAMILIA |
|
| 650 | 0 |
_9968 _aALIMENTOS |
|
| 650 | 0 |
_91074 _aOBLIGACION ALIMENTARIA |
|
| 650 | 0 |
_94099 _aCUOTA ALIMENTARIA |
|
| 700 |
_96303 _aCaride, Esteban _ecoautor |
||
| 773 | 0 |
_02844 _93222 _dBuenos Aires : AbeledoPerrot, 1989- _tDerecho de familia. N° 121 - Septiembre 2025 _z18511201 |
|
| 942 |
_2udc _cANA |
||